01357cam a2200325 a 450000100060000000300080000600500170001400800410003102000230007202000220009503500190011703500240013603500270016003500140018703500160020104000270021704100110024408200210025510000150027624501270029126000560041830000170047449000380049150000670052950400410059650502270063753400730086465000440093770000500098136277BD-RjUL20211209052450.0140619r19501902enk b 000 0 grc u z0-405-04830- (set) a0405048513 (v. 3) a(BD-RjUL)36374 a(OCoLC)ocn123220592 a(CStRLIN)NYCG88-B50626 a(BD-RjUL) a(NNC)664374 aNNCcNNCbengdBD-RjUL0 agrceng04a320.01bARP 19500 aAristotle.14aThe politics of Aristotle /cwith an introduction, two prefatory essays and notes critical and explanatory by W.L. Newman. aOxford :bClarendon press, c1902 [reprinted 1950]. aV. ;c22 cm.1 aPhilosophy of Plato and Aristotle aGreek text of: Politika; introd., essays and notes in English. aIncludes bibliographical references 0 av.1. Introduction to The politics -- v. 2. Prefatory essays ; Books I and II : text and notes -- v. 3. Two essays ; Books III, IV, and V : text and notes -- v. 4. Essay on constitutions ; Books VI-VIII : text and notes --  pReprint. Originally published:cOxford : Clarendon Press, 1887-1902. 0aPolitical sciencevEarly works to 1800.1 aNewman, W. L.q(William Lambert),d1834-1923.